Statistics for Types of Knots - Picture Quiz

Click here to take the quiz!

General Stats

  • This quiz has been taken 242 times
  • The average score is 4 of 12

Answer Stats

Answer% Correct
Square / Reef
87%
Bowline
68%
Clove Hitch
54%
Figure of Eight
54%
Sheet Bend
29%
Lashing
22%
Sheepshank
21%
Water
10%
Prusik
7%
Taut-Line Hitch
7%
Trefoil
5%
Barrel Hitch
4%

Score Distribution

Percentile by Number Answered

Percent of People with Each Score

Your Score History

You have not taken this quiz